000 00438nam a2200169Ia 4500
008 241217s9999||||xx |||||||||||||| ||und||
020 _c0
040 _beng
_cSSK Library
_erda
082 _a338.9/LEW
100 _a W. Arthur Lewis
245 0 _aTeori Pertumbuhan Ekonomi
250 _a1st ed
260 _b Dewan Bahasa Dan Pustaka
_c©1982
942 _2Dewey Decimal Classification
_cBOOK
_nNo
999 _c22784
_d22784
003 OSt
005 20241217112846.0